000 00894cam a22002897a 4500
003 CHAP
005 20220329135017.0
008 971013s1978 r 00010 d
010 _a29495
011 _a30467
035 _a34579
040 _cCHAP
082 _a633.82
_bL3
100 0 0 _aLeskovar, Leopoldo.
_966339
245 1 3 _aEl lúpulo
_b: su cultivo y procesamiento
260 _aMéxico :
_bHemisferio Sur,
_c1978
300 _a145 p.
_b: ilus.
590 _aBATCH-UPD
_b10
_c20130110
_lUCH01
_h2142
590 _aBATCH-UPD
_b10
_c20130410
_lUCH01
_h1451
590 _aBATCH-UPD
_b10
_c20130914
_lUCH01
_h1723
590 _aCONVERSION
_b10
_c20130109
_lUCH01
_h1317
650 1 4 _aLúpulo.
_968623
901 _aBK
942 _cLIBRO
949 _a633.82 L3
_bBC
_cLIBRO
_d33724000199188
_eLIBRO
_h45375
_i34579
_si
949 _a633.82 L3
_bBC
_cLIBRO
_d33724000628244
_eLIBRO
_fc.2
_h45736
_i34579
_si
999 _c29495
_d29495